00482nam a2200145Ia 4500003000900000008004100009040001600050080002000066100001300086245011200099260004900211300001700260650004100277650001800318IN-BaIIA211028s9999 xx 000 0 eng d cIIA Library a621.317.35bCZE aCzech, J 0aOscilloscope measuring techniquebprinciples and applications of modern cathode ray oscilloscopescJ. Czech aNetherlandsbPhilips Technical Libraryc1965 axviii, 620p. aAstronomy and Astrophysics Thesaurus aOscilloscopes